000 00402nam a2200145Ia 4500
008 090124s9999 xx 000 0 und d
082 _b201269
245 _a च्ंािंतनिका
250 _a1
260 _bभागवत दुर्गा
_c1968
300 _a154
630 _a च्ंािंतनिका
730 _a च्ंािंतनिका
942 _cBOOK
999 _c182850
_d182850